00689nam a2200217Ia 4500003000400000005001700004008004100021020001800062040001800080041000800098082002100106100002100127245011100148250001200259260005300271300002400324650003400348650003000382650003200412700002700444OSt20220901100805.0210716s2011 xx 000 0 und d a9789380853222 cAIMIT LIBRARY aeng a574.19121bCLAJ aClaycomb, James. aIntroductory biophysics: bperspectives on the living state /cBy James Claycomb and Jonathan Quoc P Tran. a1st ed. aBoston :bJones and Bartlett Publishers ,c2011. axiv,359p. ;c24 cm. aBuilding blocks and structure aLiving state interactions aLiving state thermodynamics aTran, Jonathan Quoc P.